مكتبة جامعة عجلون الوطنية

فهرس بحث المكتبة

Normal view MARC view
  • الأعظمي، وليد

Entry Personal Name

Number of records used in: 1

001 - CONTROL NUMBER

  • control field: 18196

003 - CONTROL NUMBER IDENTIFIER

  • control field: JO-AjAnu

005 - DATE AND TIME OF LATEST TRANSACTION

  • control field: 20230606073211.0

008 - FIXED-LENGTH DATA ELEMENTS

  • fixed length control field: 230606|| aca||aabn | a|a d

040 ## - CATALOGING SOURCE

  • Original cataloging agency: JO-AjAnu
  • Transcribing agency: JO-AjAnu

100 ## - HEADING--PERSONAL NAME

  • Personal name: الأعظمي، وليد

670 ## - SOURCE DATA FOUND

  • Source citation: Work cat.: (JO-AjAnu)9341: الأعظمي، وليد, author, مدرسة الإمام أبي حنيفه: تاريخها وتراجم شيوخها ومدرسيها 459هجري-1400 هجري/1067-1980 م